Most Points By Players in the 2015 NHL Entry Draft. - Statistics

General Stats
  • This quiz has been taken 21 times
  • The average score is 13 of 25
Answer Stats
Drafted by Round Number Points Player % Correct
Edmonton Oilers 1 1 1082 Connor McDavid
100%
Toronto Maple Leafs 1 4 741 Mitch Marner
100%
Carolina Hurricanes 2 35 631 Sebastian Aho
100%
Buffalo Sabres 1 2 608 Jack Eichel
89%
Winnipeg Jets 1 17 582 Kyle Connor
83%
Colorado Avalanche 1 10 705 Mikko Rantanen
83%
New York Islanders 1 16 462 Mathew Barzal
72%
Minnesota Wild 5 135 386 Kirill Kaprizov
61%
Dallas Stars 2 49 377 Roope Hintz
61%
Vancouver Canucks 1 23 434 Brock Boeser
56%
Arizona Coyotes 1 3 384 Dylan Strome
50%
philadelphia Flyers 1 24 476 Travis Konecny
50%
Columbus Blue Jackets 1 8 384 Zach Werenski
44%
Minnesota Wild 1 20 299 Joel Eriksson Ek
39%
Carolina Hurricanes 1 5 325 Noah Hanifin
39%
San Jose Sharks 1 9 435 Timo Meier
39%
Boston Bruins 1 14 314 Jake DeBrusk
33%
Ottawa Senators 1 18 304 Thomas Chabot
33%
New Jersey Devils 1 6 342 Pavel Zacha
28%
New York Islanders 1 28 271 Anthony Beauvillier
22%
Tampa Bay Lightning 3 72 292 Anthony Cirelli
22%
Philadelphia Flyers 1 7 282 Ivan Provorov
22%
Arizona Coyotes 5 123 291 Conor Garland
11%
Anaheim Ducks 5 148 285 Troy Terry
6%
St.Louis Blues 2 56 286 Vince Dunn
6%
No matching quizzes found
Score Distribution
Percent of People with Each Score
Percentile by Number Answered
Your Score History
You have not taken this quiz